Wunderhorse - Midas Lyrics - Statistics

General Stats
  • This quiz has been taken 7 times
  • The average score is 107 of 166
Answer Stats
Answer % Correct
a
100%
I
100%
Midas,
100%
Midas
100%
suit
100%
The
100%
the
100%
and
80%
came
80%
crawling
80%
deal,
80%
down
80%
he
80%
He
80%
his
80%
in
80%
inside
80%
la-
80%
like
80%
nursery
80%
pelican
80%
rhyme
80%
somewhere
80%
straightened
80%
telephone
80%
tie
80%
voice
80%
yeah
80%
yeah?"
80%
you
80%
back
60%
be
60%
between
60%
chessboard
60%
"Come
60%
come
60%
falling
60%
got
60%
head
60%
kid
60%
of
60%
on
60%
on,
60%
said
60%
said,
60%
shaking
60%
sky
60%
think
60%
Threw
60%
through
60%
was
60%
we
60%
click
40%
end
40%
fingers,
40%
invitation
40%
knuckles
40%
line
40%
office
40%
other
40%
Stepped
40%
to
40%
boy,
20%
closer,
20%
coldness
20%
don't
20%
eyes
20%
facelift
20%
find
20%
fixed
20%
fracture
20%
here,
20%
kingdom
20%
little
20%
making
20%
me
20%
place
20%
rattlesnake
20%
searched
20%
seemed
20%
shiver,
20%
shy"
20%
silvered
20%
tombstone
20%
whites
20%
whole
20%
with
20%
askin'
0%
Each
0%
heard
0%
kinda
0%
nervous
0%
they're
0%
time
0%
you're
0%
No matching quizzes found
Score Distribution
Percent of People with Each Score
Percentile by Number Answered
Your Score History
You have not taken this quiz